<?xml version="1.0" encoding="UTF-8"?>
<collection xmlns:xsi="http://www.w3.org/2001/XMLSchema-instance" xsi:schemaLocation="http://www.loc.gov/MARC21/slim http://www.loc.gov/standards/marcxml/schema/MARC21slim.xsd" xmlns="http://www.loc.gov/MARC21/slim">
 <record>
  <leader>00000caa a22000003a 4500</leader>
  <controlfield tag="001">UP-8027390931312519880</controlfield>
  <controlfield tag="003">Buklod</controlfield>
  <controlfield tag="005">20200611114440.0</controlfield>
  <controlfield tag="006">o--- |     ||   ||</controlfield>
  <controlfield tag="007">ta</controlfield>
  <controlfield tag="008">200611s        xx     d     r    |||| u|</controlfield>
  <datafield tag="035" ind1=" " ind2=" ">
   <subfield code="a">(iLib)UPCEB-00011920392</subfield>
  </datafield>
  <datafield tag="040" ind1=" " ind2=" ">
   <subfield code="a">edz</subfield>
  </datafield>
  <datafield tag="041" ind1=" " ind2=" ">
   <subfield code="a">eng</subfield>
  </datafield>
  <datafield tag="100" ind1="1" ind2=" ">
   <subfield code="a">Corr, Philip J.</subfield>
  </datafield>
  <datafield tag="245" ind1="0" ind2="4">
   <subfield code="a">Social Exclusion and the Hierarchical Defense System</subfield>
   <subfield code="b">Comment on MacDonald and Leary (2005). [article].</subfield>
  </datafield>
  <datafield tag="300" ind1=" " ind2=" ">
   <subfield code="a">pp.231-236.</subfield>
  </datafield>
  <datafield tag="520" ind1=" " ind2=" ">
   <subfield code="a">G. MacDonald and M. R. Leary (2005) hypothesized that physical pain and social exclusion share many affective features in common. In this comment, the author discusses the implications of J. A. Gray and N. Mc Naughton's (2000) hierarchical defense system  model which, MacDonald and Leary used in the development of their theoretical claims. Issues are discussed  that require at least, clarifications, but more substantive problems need closer considerations of hierarchically organized . It is argued that research findings may be better understood (a) by systems of interacting neural modules, which lead  state dissociations  between affective states , and (b) by general modulatory influences on the entire defense system that lead to trait  associations (i. e., personality) between physical pain and emotional distress. -- ( from the author).</subfield>
  </datafield>
  <datafield tag="650" ind1="1" ind2="7">
   <subfield code="a">Psychology-Periodicals.</subfield>
  </datafield>
  <datafield tag="773" ind1="0" ind2=" ">
   <subfield code="a">Psychological Bulletin.</subfield>
   <subfield code="g">vol. 131, (2),  2005.</subfield>
  </datafield>
  <datafield tag="942" ind1=" " ind2=" ">
   <subfield code="a">Analytics</subfield>
  </datafield>
 </record>
</collection>
